Riconosci la Squadra di calcio - Quiz n°138 - Statistics

Statistiche generali
  • Questo quiz è stato fatto 6 volte
  • Il punteggio medio è 3 su 10
Statistiche sulle risposte
Indizio Risposta % Corretto
Titoli nazionali 2 Titoli d'Inghilterra3 Campionati inglesi di seconda divisione
80%
Colori sociali Bianco
80%
Simboli Agnus Dei
60%
Trofei internazionali 0
40%
Fondazione 1880
20%
Trofei nazionali 2 Coppe d'Inghilterra
20%
Divisione nazionale 2023-2024 Seconda
20%
Confederazione UEFA
20%
Capienza Stadio 23 408 posti
0%
Squadra Preston North End
0%
Nessun quiz corrispondente trovato
Distribuzione punteggi
Percentuale di utenti per punteggio
Percentile per numero di risposta
I tuoi punteggi nel tempo
Non hai fatto questo quiz